Transformers 1984 tech specs roles - Statistics

General Stats
  • This quiz has been taken 24 times
  • The average score is 10 of 44
Answer Stats
Sub Name Answer % Correct
14 Ratchet Medic
73%
33 Knockout Medic
73%
12 Mirage Spy
55%
20 Buzzsaw Spy
55%
1 Optimus Prime Commander
45%
19 Megatron Commander
45%
36 Soundwave Communications
45%
9 Hound Scout
45%
32 Barricade Scout
45%
4 Cliffjumper Warrior
45%
7 Windcharger Warrior
45%
15 Sideswipe Warrior
45%
16 Sunstreaker Warrior
45%
21 Frenzy Warrior
45%
35 Skywarp Warrior
45%
38 Thundercracker Warrior
45%
3 Brawn Demolitions
18%
24 Rumble Demolitions
18%
39 Bonecrusher Demolitions
18%
6 Huffer Engineer
18%
2 Bumblebee Espionage
18%
27 Kickback Espionage
18%
8 Bluestreak Gunner
18%
18 Wheeljack Inventor
18%
29 Viewfinder Reconnaissance
18%
30 Spectro Reconnaissance
18%
31 Spyglass Reconnaissance
18%
10 Ironhide Security
9%
11 Jazz Special operations
9%
37 Starscream Ariel commander
0%
44 Scrapper Construction engineer
0%
17 Trailbreaker Defence
0%
28 Shrapnel Electrical warfare
0%
23 Ratbat Fuel scout
0%
22 Laserbeak Interrogation
0%
42 Mixmaster Materials fabrication
0%
43 Scavenger Mining and salvage
0%
26 Bombshell Phycological warfare
0%
25 Ravage Saboteur
0%
34 Shockwave Scientific endeavours
0%
40 Hook Surgical engineer
0%
13 Prowl Tactition
0%
5 Gears Transport
0%
41 Long haul Transport
0%
No matching quizzes found
Score Distribution
Percent of People with Each Score
Percentile by Number Answered
Your Score History
You have not taken this quiz